Loading...

M P Narayana Pillayude thiranhedutha kathakal

Bibliographic Details
Main Author: Narayana Pillai, M P; Author
Format: Printed Book
Published: 1988
Series:2
Subjects:
LEADER 004790000a22001450004500
040 |a MAL 
082 |a A301 NAR/M M8.2 
100 |a Narayana Pillai, M P; Author 
245 |a M P Narayana Pillayude thiranhedutha kathakal 
260 |c 1988 
490 |a 2 
500 |a M P Narayana Pillai 
650 |a Short stories, Malayalam 
999 |c 23028  |d 23028 
952 |0 0  |1 0  |4 0  |6 A_301_NARM_M8_200000000000000  |7 0  |8 MAL  |9 22850  |a MGUL  |b MGUL  |d 2013-07-16  |l 0  |o A301 NAR/M M8.2  |p 00927  |r 2013-07-16  |w 2013-07-16  |y BK